Musical opinion

Detalles Bibliográficos
Nuevo Título:Musical opinion quarterly
Título anterior:Musical opinion and music trade review
Formato: Electrónico Revista
Lenguaje:inglés
Publicado: London : Musical Opinion, [1927]-©2013.
Materias:
Acceso en línea:Full text available from Research Library: 01/01/1998 to 12/31/2013

MARC

LEADER 00000nas a2200000 a 4500
001 ssj0007704
003 WaSeSS
005 20200512172242.0
006 m d
007 cr n
008 751101d19272013enkbr p s o 0 a0eng c
010 |a  89657281   |z sn 87007083  
016 7 |a 000267930  |2 IsJJNL 
016 7 |a 009543290  |2 Uk 
016 |a (AMICUS)000001140427 
022 |l 0027-4623  |y 0027-4623 
035 |a (WaSeSS)ssj0007704 
040 |a MUL  |b eng  |c MUL  |d OCL  |d COO  |d OCL  |d CLU  |d OCL  |d AIP  |d NSD  |d NST  |d DLC  |d NST  |d IUL  |d CLU  |d HUL  |d CUS  |d DLC  |d OCLCQ  |d GUA  |d ZCU  |d CUS  |d OCLCQ  |d J9U  |d UKMGB  |d OCLCQ  |d OCLCF  |d OCLCO  |d UPM  |d DLC  |d OCL  |d OCLCO  |d IUL  |d NDD  |d NLC  |d RCE  |d OCLCQ  |d GILDS  |d UMC  |d OCLCO  |d WaSeSS 
042 |a nsdp  |a pcc 
043 |a e-uk-en 
050 0 0 |a ML5  |b .M78 
082 0 0 |a 780/.9  |2 20 
210 0 |a Music. opin. 
222 0 |a Musical opinion 
245 0 0 |a Musical opinion  |h [electronic resource]. 
246 1 3 |a Musical opinion and music trade review  |f Oct. 1927 
260 |a London :  |b Musical Opinion,  |c [1927]-©2013. 
310 |a Bimonthly,  |b Sept./Oct. 2002-Nov./Dec. 2013 
321 |a Monthly,  |b 1927-May 1994 
321 |a Quarterly,  |b summer 1994-July 2002 
362 0 |a Vol. 51, no. 601 (Oct. 1927)-v. 137, no. 1497 (Nov./Dec. 2013). 
500 |a Title from cover. 
506 |a License restrictions may limit access. 
650 0 |a Music  |v Periodicals. 
650 0 |a Music trade  |z England  |v Periodicals. 
650 7 |a Music  |2 fast  |0 (OCoLC)fst01030269 
650 7 |a Music trade.  |2 fast  |0 (OCoLC)fst01030641 
651 7 |a England.  |2 fast  |0 (OCoLC)fst01219920 
655 0 |a Electronic journals. 
770 0 |t Musical opinion supplement  |g 1994-2002  |w (DLC)sn 95017337  |w (OCoLC)30947753 
780 0 0 |t Musical opinion and music trade review  |w (DLC)ca 08002174  |w (OCoLC)2448829 
785 0 0 |t Musical opinion quarterly  |w (DLC) 2014264005  |w (OCoLC)869740557 
850 |a CLU  |a CaOWA  |a DLC  |a InU  |a MiDkW  |a NNC 
856 4 0 |z Full text available from Research Library: 01/01/1998 to 12/31/2013  |u https://search.proquest.com/publication/2526